Comuni della Valsesia - Statistics

Statistiche generali
  • Questo quiz è stato fatto 31 volte
  • Il punteggio medio è 19 su 29
Statistiche sulle risposte
Hint Risposta Popolazione % Corretto
11 Alagna Valsesia 738
88%
1 Borgosesia 12145
88%
3 Varallo 7019
88%
16 Campertogno 225
81%
6 Quarona 3891
81%
13 Scopa 371
81%
12 Scopello 374
81%
4 Serravalle Sesia 4814
81%
2 Gattinara 7704
75%
17 Piode 186
75%
22 Alto Sermenza 151
69%
25 Balmuccia 114
69%
27 Carcoforo 73
69%
18 Fobello 184
69%
26 Mollia 97
69%
20 Boccioleto 174
63%
28 Rassa 64
63%
14 Cravagliana 254
56%
5 Grignasco 4342
56%
24 Rimella 130
56%
19 Rossa 184
56%
15 Civiasco 242
50%
7 Romagnano Sesia 3780
50%
8 Valduggia 1906
50%
10 Cellio con Breia 960
44%
23 Pila 142
44%
21 Vocca 159
44%
29 Cervatto 57
38%
9 Prato Sesia 1845
38%
Nessun quiz corrispondente trovato
Distribuzione punteggi
Percentuale di utenti per punteggio
Percentile per numero di risposta
I tuoi punteggi nel tempo
Non hai fatto questo quiz